Análisis económico de los impuestos y del sector público / (Registro nro. 7554)
[ vista simple ]
| 000 -LEADER | |
|---|---|
| fixed length control field | 02186nam a2200325Ia 4500 |
| 003 - CONTROL NUMBER IDENTIFIER | |
| control field | OSt |
| 005 - DATE AND TIME OF LATEST TRANSACTION | |
| control field | 20210413112138.0 |
| 008 - FIXED-LENGTH DATA ELEMENTS--GENERAL INFORMATION | |
| fixed length control field | 210310s1977 ag ad gr 000 0 spa d |
| 040 ## - CATALOGING SOURCE | |
| Original cataloging agency | CO-JMCR |
| Transcribing agency | CO-JMCR |
| 041 0# - LANGUAGE CODE | |
| Language code of text/sound track or separate title | spa |
| 082 04 - DEWEY DECIMAL CLASSIFICATION NUMBER | |
| Classification number | 336.2 / |
| Item number | D852a |
| Edition number | 23 |
| 100 1# - MAIN ENTRY--PERSONAL NAME | |
| Personal name | Due, John Fitzgerald, |
| 9 (RLIN) | 14765 |
| Relator term | autor |
| 245 10 - TITLE STATEMENT | |
| Title | Análisis económico de los impuestos y del sector público / |
| Statement of responsibility, etc. | John F. Due y Ann F. Friedlaendar ; prólogo y notas adicionales por Enrique Jorge Reig ; traducción Juan Jorge Thomas. |
| 250 ## - EDITION STATEMENT | |
| Edition statement | Cuarta edición |
| 260 ## - PUBLICATION, DISTRIBUTION, ETC. | |
| Date of publication, distribution, etc. | Buenos Aires : |
| Place of publication, distribution, etc. | Editorial El Ateneo, |
| Name of publisher, distributor, etc. | 1977 |
| 300 ## - PHYSICAL DESCRIPTION | |
| Other physical details | xvi, 629 páginas : |
| Extent | ilustraciones y gráficas a blanco y negro ; |
| Dimensions | 22 cm. |
| 490 0# - SERIES STATEMENT | |
| Series statement | Biblioteca de Ciencias Económicas. |
| -- | Serie Economía |
| 500 ## - GENERAL NOTE | |
| General note | Título original : Government finance. Economics of the Public Sector |
| 504 ## - BIBLIOGRAPHY, ETC. NOTE | |
| Bibliography, etc. note | Bibliografía: 625-626 |
| 505 0# - FORMATTED CONTENTS NOTE | |
| Formatted contents note | Asignación y distribución: actividades y gastos -- Asignación y distribución: imposición -- Federalismo fiscal -- El impacto general de la estructura fiscal sobre la economía -- Desarrollo económico |
| 520 3# - SUMMARY, ETC. | |
| Summary, etc. | En esta obra se realiza un análisis teórico de los impuestos y de las finanzas publicas, cuyos aspectos económicos se consideran especialmente; pero este enfoque no supone relegar los aspectos administrativos y de técnica legal, que asumen, en determinadas circunstancias, especial relevancia. El volumen es particularmente apto para la enseñanza universitaria, pues meced a la metodología adoptada por los autores, se distingue claramente lo principal de lo accesorio. Esta cualidad permite al estudioso captar sin dificultad las ideas y los problemas básicos, sin que ello implique desdeñar ciertos trabajos o estudios particulares; la notas y las bibliografías son muy eficaces para lograr este meditado equilibrio. |
| 546 ## - LANGUAGE NOTE | |
| Language note | Traducido del inglés. |
| 650 14 - SUBJECT ADDED ENTRY--TOPICAL TERM | |
| Topical term or geographic name entry element | Impuestos |
| 9 (RLIN) | 14767 |
| 650 24 - SUBJECT ADDED ENTRY--TOPICAL TERM | |
| Topical term or geographic name entry element | Hacienda pública |
| 9 (RLIN) | 36762 |
| 650 24 - SUBJECT ADDED ENTRY--TOPICAL TERM | |
| Topical term or geographic name entry element | Política fiscal |
| 9 (RLIN) | 36763 |
| 700 1# - ADDED ENTRY--PERSONAL NAME | |
| Personal name | Friedlaender, Ann F., |
| Relator term | autor |
| 9 (RLIN) | 36764 |
| 700 1# - ADDED ENTRY--PERSONAL NAME | |
| Personal name | Reig, Enrique Jorge., |
| Relator term | prologuista |
| 9 (RLIN) | 36765 |
| 700 1# - ADDED ENTRY--PERSONAL NAME | |
| Personal name | Thomas, Juan Jorge, |
| Relator term | traductor |
| 9 (RLIN) | 1414 |
| 942 ## - ADDED ENTRY ELEMENTS (KOHA) | |
| Source of classification or shelving scheme | Dewey Decimal Classification |
| Koha item type | Books |
| Withdrawn status | Lost status | Source of classification or shelving scheme | Damaged status | Not for loan | Collection code | Home library | Current library | Date acquired | Source of acquisition | Full call number | Barcode | Date last seen | Copy number | Koha item type | Total Checkouts | Price effective from |
|---|---|---|---|---|---|---|---|---|---|---|---|---|---|---|---|---|
| Dewey Decimal Classification | Non-fiction | Biblioteca Pública José María del Castillo y Rada | Biblioteca Pública José María del Castillo y Rada | 04/15/2018 | Donación | 336.2 / D852a | 430004062 | 05/16/2024 | Ej.1 | Books | ||||||
| Dewey Decimal Classification | Non-fiction | Biblioteca Pública José María del Castillo y Rada | Biblioteca Pública José María del Castillo y Rada | 04/15/2018 | Donación | 336.2 / D852a | 430003977 | 05/16/2024 | Ej.2 | Books | 04/13/2021 |